Music Quiz

Random Music or Song Quiz

Song Title Word Association Quiz Stats

Quiz Updated Nov 8, 2016

Challenge
Share
Tweet
Embed
Score 0/30 Timer 10:00
2 Plays Today
Clues Answer Word % Correct
Emotion / Dreams / CarolineSweet
91.5%
Feels / Vibrations / ThingGood
85.3%
Jupiter / Ya / There, DelilahHey
83.3%
Tiny / Private / Rhythm is a Dancer
76.1%
Walk, Don't / Away / Like HellRun
75.9%
Green / Ray of / FlashLight
74.3%
Velvet / Betty / No. 1Black
60.2%
Love / Downtown / Take the 'A'Train
59.9%
Police / Chameleon / InstantKarma
58.7%
Personal / Walks / Take the WheelJesus
58.7%
Welcome to / City / PastimeParadise
57%
Quarter / Diggity / RemorseNo
53%
Sullen / Stupid / CinnamonGirl
52.2%
Goodbye / Dolly / Darlin'Hello
47.5%
Road / Rolls / StruckThunder
47%
Clues Answer Word % Correct
American / Your / EvilWoman
45.9%
Spoon / Particle / Hoochie CoochieMan
45.6%
Down / Get / RiderLow
41.7%
Together / Young / Your GirlForever
40.9%
Burn / Ride / Nice &Slow
36.9%
Authority / Prison / Interstate LoveSong
35%
Frog / Sells / Of MindPeace
32.4%
Doll / Dead Girl / In AmericaLiving
30.5%
Monkey / In Pocket / TintoBrass
27.4%
Thing / World / AngelsWild
25.9%
Super / Me / LeFreak
25.6%
This / Flies / Water BurnFire
25.4%
Under / My Way / HomeGoing
17.5%
Bad / Third Rate / Goodbye toRomance
13.3%
One O'Clock / Around / In My CarJump
12.7%

You're not logged in!

Compare scores with friends on all Sporcle quizzes.
Sign Up with Email
OR
Log In

You Might Also Like...

Show Comments

Extras

Top Quizzes Today


Score Distribution

Your Account Isn't Verified!

In order to create a playlist on Sporcle, you need to verify the email address you used during registration. Go to your Sporcle Settings to finish the process.